书目信息 |
| 题名: |
混沌生物学
|
|
| 作者: | 张建树 编著 | |
| 分册: | ||
| 出版信息: | 西安 陕西科学技术出版社 1998.10 |
|
| 页数: | 225页 | |
| 开本: | 32开 | |
| 丛书名: | ||
| 单 册: | ||
| 中图分类: | O415.5:Q | |
| 科图分类: | ||
| 主题词: | 理论物理学 | |
| 电子资源: | ||
| ISBN: | 7-5369-1942-5 | |
| 000 | 00553nam0 2200193 45 | |
| 001 | 0008111782 | |
| 005 | 20000811175110.8 | |
| 010 | @a7-5369-1942-5@d13.00元 | |
| 100 | @a20000811d1998 km y0chiy0120 ea | |
| 101 | 0 | @achi |
| 105 | @a z 000yy | |
| 200 | 1 | @a混沌生物学@AHun Dun Sheng Wu Xue@f张建树编著@FZhang Jian Shu Bian Zhu |
| 210 | @a西安@c陕西科学技术出版社@d1998.10 | |
| 215 | @a225页@d32开 | |
| 606 | 0 | @a理论物理学 |
| 690 | @aO415.5:Q@v3 | |
| 701 | 0 | @a张建树@4编著 |
| 801 | @aCN@bPftUser@c20000811 | |
| 905 | @b104833-837@dO415.5:Q@eZH785@f5 | |
| 混沌生物学/张建树编著.-西安:陕西科学技术出版社,1998.10 |
| 225页;32开 |
| ISBN 7-5369-1942-5:13.00元 |
| ● |
| 相关链接 |
|
|
|
正题名:混沌生物学
索取号:O415.5:Q/ZH785
 
预约/预借
| 序号 | 登录号 | 条形码 | 馆藏地/架位号 | 状态 | 备注 |
| 1 | 104833 | 201048339 | 自科库401/401自科库 88排1列1层/ [索取号:O415.5:Q/ZH785] | 在馆 | |
| 2 | 104834 | 201048348 | 自科库401/401自科库 88排1列1层/ [索取号:O415.5:Q/ZH785] | 在馆 | |
| 3 | 104835 | 201048357 | 自科库401/401自科库 88排1列1层/ [索取号:O415.5:Q/ZH785] | 在馆 | |
| 4 | 104836 | 201048366 | 自科库401/401自科库 88排1列1层/ [索取号:O415.5:Q/ZH785] | 在馆 | |
| 5 | 104837 | 201048375 | 自科库401/401自科库 88排1列1层/ [索取号:O415.5:Q/ZH785] | 在馆 |